Statistics for Countries Most Similar to Argentina

Click here to take the quiz!

General Stats

  • This quiz has been taken 121 times
  • The average score is 6 of 8

Answer Stats

#CountryStarts withContinent% Correct
Area1,073,500 ArgentinaA|B|C|D|E|F|G|H|I|J|K|L|M|N|O|P|Q|R|S|T|U|V|W|X|Y|ZASouth America
100%
Population44,361,150 ArgentinaA|B|C|D|E|F|G|H|I|J|K|L|M|N|O|P|Q|R|S|T|U|V|W|X|Y|ZASouth America
100%
Population46,692,858SpainSEurope
83%
Area1,052,100KazakhstanKAsia
78%
Population42,729,036UgandaUAfrica
77%
Population44,246,156UkraineUEurope
72%
Population42,228,408AlgeriaAAfrica
71%
Population41,801,533SudanSAfrica
56%

Score Distribution

Percentile by Number Answered

Percent of People with Each Score

Your Score History

You have not taken this quiz